zpět

Detail výsledku týmu

The Pub Praha 2 ST, Praha

Datum a čas kvízu

24.5 Celkem bodů Celkový počet nahraných bodů na tomto kvízu bez doplňovacích otázek.
11. Pořadí na kvízu Konečné umístění týmu na tomto kvízu.

Zaznamenané odpovědi

# Otázka Odpověď Body Výsledky
1. Ve středu padla společnost Boh... Pavel Liška, Marek Daniel 0.5
2. Na platformě Netflix trhá reko... Hra na oliheň (Squid Game) 1
3. Svůj poslední koncert po šedes... Spirituál kvintet 1
4. Francouzský deník Le Figaro zv... mozzarella 0
5. Jak se jmenuje desetiletý ryzá... Talent 0
6. Pokřín obecný je rostlina, kte... mandragora 1
7. Sušený pelyněk kozalec se užív... estragon 0
8. Vigna zlatá je rostlina z čele... mungo 1
9. Ledvinovník západní je tropick... oříšky kešu 0
10. Kterým slovem na S obecně ozna... sukulenty 1